000 00322nam a2200133Ia 4500
008 240624s9999 xx 000 0 und d
041 _aeng
082 _a658 MIT
100 _aMITTAL VIVEK
245 _aBUSINESS ENVIRONMENT
260 _c2007
_aNew Delhi
_bExcel Books
300 _a612 : p. : cm. ; 28
365 _cRS
_b35
999 _c12024
_d12024